Statistics for Pokémon Tile Select

Click here to take the quiz!

General Stats

  • This quiz has been taken 38 times
  • The average score is 51 of 60

Answer Stats

QuestionTileSelect% Correct
of the Eeveelutions.FinneonNo
100%
of the Eeveelutions.InteleonNo
100%
of the Eeveelutions.KecleonNo
100%
of the Eeveelutions.EspeonYes
97%
of the Pokémon with Alolan forms.Farfetch'dNo
97%
of the Eeveelutions.FlareonYes
97%
of the Eeveelutions.JolteonYes
97%
of the Pokémon with Galarian forms.LittenNo
97%
of the Eeveelutions.UmbreonYes
97%
of the Eeveelutions.VaporeonYes
97%
of the Pokémon with Alolan forms.ArticunoNo
94%
of the Eeveelutions.GlaceonYes
94%
of the Pokémon with Galarian forms.HawluchaNo
94%
of the Eeveelutions.LeafeonYes
94%
of the Gen 8 Pokémon.Mr. MimeNo
94%
of the Eeveelutions.SylveonYes
94%
of the Ultra Beasts.CelebiNo
91%
of the Pokémon with Galarian forms.Ho-ohNo
91%
of the Ultra Beasts.MewtwoNo
91%
of the Pokémon with Alolan forms.RaichuYes
91%
of the Gen 8 Pokémon.TalonflameNo
91%
of the Ultra Beasts.BuzzwoleYes
89%
of the Pokémon with Alolan forms.DugtrioYes
89%
of the Gen 8 Pokémon.GothoritaNo
89%
of the Ultra Beasts.MelmetalNo
89%
of the Gen 8 Pokémon.MeloettaNo
89%
of the Pokémon with Galarian forms.MewNo
89%
of the Pokémon with Alolan forms.WeezingNo
89%
of the Gen 8 Pokémon.YveltalNo
89%
of the Eeveelutions.EmpoleonNo
86%
of the Gen 8 Pokémon.Galarian PonytaYes
86%
of the Ultra Beasts.GuzzlordYes
86%
of the Pokémon with Alolan forms.PonytaNo
86%
of the Pokémon with Alolan forms.RaticateYes
86%
of the Ultra Beasts.SolgaleoNo
86%
of the Gen 8 Pokémon.CinderaceYes
83%
of the Pokémon with Alolan forms.MeowthYes
83%
of the Ultra Beasts.NihilegoYes
83%
of the Pokémon with Alolan forms.RapidashNo
83%
of the Gen 8 Pokémon.SobbleYes
83%
of the Ultra Beasts.CosmogNo
80%
of the Gen 8 Pokémon.LittenNo
80%
of the Ultra Beasts.LunalaNo
80%
of the Pokémon with Galarian forms.MeowthYes
80%
of the Pokémon with Alolan forms.MukYes
80%
of the Pokémon with Alolan forms.PersianYes
80%
of the Ultra Beasts.XurkitreeYes
80%
of the Ultra Beasts.BlacephalonYes
77%
of the Gen 8 Pokémon.CalyrexYes
77%
of the Ultra Beasts.KartanaYes
77%
of the Gen 8 Pokémon.KubfuYes
77%
of the Gen 8 Pokémon.ThwackeyYes
77%
of the Pokémon with Galarian forms.ZigzagoonYes
77%
of the Pokémon with Galarian forms.MoltresYes
74%
of the Pokémon with Galarian forms.SlowbroYes
71%
of the Pokémon with Alolan forms.GolemYes
69%
of the Pokémon with Galarian forms.Mr. MimeYes
66%
of the Pokémon with Galarian forms.YamaskYes
66%
of the Pokémon with Galarian forms.DarumakaYes
63%
of the Pokémon with Galarian forms.PersianNo
60%

Score Distribution

Percentile by Number Answered

Percent of People with Each Score

Your Score History

You have not taken this quiz